| 000 | 01396nam a2200337Ia 4500 | ||
|---|---|---|---|
| 001 | ebr10662862 | ||
| 003 | CaPaEBR | ||
| 006 | m u | ||
| 007 | cr cn||||||||| | ||
| 008 | 090909s2010 nyu sb 001 0 eng d | ||
| 010 | _z 2009036562 | ||
| 020 | _9781612094298 | ||
| 020 | _z9781607417538 (softcover) | ||
| 020 | _z1607417537 (softcover) | ||
| 040 |
_aCaPaEBR _cCaPaEBR |
||
| 035 | _a(OCoLC)704294203 | ||
| 050 | 1 | 4 |
_aQL468.5 _b.E59 2010eb |
| 082 | 0 | 4 |
_a632/.7072073 _222 |
| 245 | 0 | 0 |
_aEntomology in the federal government _h[electronic resource] / _cJadon F. Paredes, editor. |
| 260 |
_aNew York : _bNova Science Publishers, _cc2010. |
||
| 300 | _aviii, 159 p. | ||
| 490 | 0 | _aInsects and other terrestrial arthropods : biology, chemistry and behavior series | |
| 504 | _aIncludes bibliographical references (p. 135-147) and index. | ||
| 533 |
_aElectronic reproduction. _bPalo Alto, Calif. : _cebrary, _d2013. _nAvailable via World Wide Web. _nAccess may be limited to ebrary affiliated libraries. |
||
| 610 | 1 | 0 |
_aUnited States. _bAgricultural Research Service _xHistory. |
| 650 | 0 |
_aEntomology _xResearch _zUnited States _xHistory. |
|
| 655 | 7 |
_aElectronic books. _2local |
|
| 700 | 1 | _aParedes, Jadon F. | |
| 710 | 2 | _aebrary, Inc. | |
| 856 | 4 | 0 |
_uhttp://site.ebrary.com/lib/rucke/Doc?id=10662862 _zAn electronic book accessible through the World Wide Web; click to view |
| 999 |
_c171840 _d171840 |
||